00285 a2200109 4500001000700000020000600007040001100013100002700024240006000051245005500111362000900166169216 a  cMagnum aLima, Leonardo Pereira10aPratica de psicologia moderna - v.4 - nossa mentallpor10aPratica de psicologia moderna - v.4 - nossa mental0 a1899